| 000 | 00858nam a2200253 a 4500 | ||
|---|---|---|---|
| 001 | 53345 | ||
| 003 | BD-RjUL | ||
| 005 | 20211209075939.0 | ||
| 008 | 161005s2005 ii a b 001 0 eng | ||
| 020 | _a0761933921 (hard back) | ||
| 020 | _a076193443X (pbk.) | ||
| 035 | _a(BD-RjUL)53465 | ||
| 040 |
_aDLC _cDLC _dBD-RjUL _beng |
||
| 041 | _aeng | ||
| 082 | 0 | 0 |
_a352.280954 _223 _bADM 2005 |
| 245 | 0 | 0 |
_aAdministrative reforms : _btowards sustainable practices / _cedited by Amita Singh. |
| 260 |
_aNew Delhi : _bSage Publications, _c2005. |
||
| 300 |
_a319 p. : _bill. ; _c23cm. |
||
| 504 | _aIncludes bibliographical references and index. | ||
| 650 | 0 |
_aAdministrative agencies _zIndia _xReorganization _vCase studies. _9159452 |
|
| 650 | 0 |
_aOrganizational change _zIndia _vCase studies. _9159453 |
|
| 700 | 1 |
_aSingh, Amita, _d1955- _9159454 |
|
| 942 |
_2ddc _cBK |
||
| 999 |
_c53345 _d53345 |
||